005160000a22001690004500020001800000041000800018082002000026100003700046245007600083260002100159300001500180440005700195001000600252336002700258337003300285338002800318 a84-8164-745-40 aSPA04aG 262.13 P6351n1 aPikaza Ibarrondo, Xabier (1941-)10aHistoria y futuro de los papas : Una roca sobre el caos / Xabier Pikaza aMadrid : Trotta a274 Pág. 0aColección Estructuras y Procesos. Serie Religión14422 atextobtxt2rdacontent 2rdamediaasin mediaciónbn 2rdacarrieravolumenbnc